The playful dolphins / (Record no. 388)

MARC details
000 -LEADER
fixed length control field 00895cam a2200289 i 4500
005 - DATE AND TIME OF LATEST TRANSACTION
control field 20260322212018.0
008 - FIXED-LENGTH DATA ELEMENTS--GENERAL INFORMATION
fixed length control field data
010 ## - LIBRARY OF CONGRESS CONTROL NUMBER
LC control number 76002118
020 ## - INTERNATIONAL STANDARD BOOK NUMBER
International Standard Book Number 087044199X
020 ## - INTERNATIONAL STANDARD BOOK NUMBER
International Standard Book Number 9780870441998
040 ## - CATALOGING SOURCE
Original cataloging agency DLC
Transcribing agency DLC
Modifying agency DLC
042 ## - AUTHENTICATION CODE
Authentication code lcac
050 00 - LIBRARY OF CONGRESS CALL NUMBER
Classification number QL737.C432
Item number B74
082 00 - DEWEY DECIMAL CLASSIFICATION NUMBER
Classification number 599/.53
092 ## - LOCALLY ASSIGNED DEWEY CALL NUMBER (OCLC)
Classification number 599.5 B74 1976
001 - CONTROL NUMBER
control field data
100 1# - MAIN ENTRY--PERSONAL NAME
Personal name Bridge, Linda McCarter.
245 14 - TITLE STATEMENT
Title The playful dolphins /
Statement of responsibility, etc. Linda McCarter Bridge & Lowell Georgia.
260 ## - PUBLICATION, DISTRIBUTION, ETC.
Place of publication, distribution, etc. [Washington] :
Name of publisher, distributor, etc. National Geographic Society,
Date of publication, distribution, etc. c1976.
300 ## - PHYSICAL DESCRIPTION
Extent 32 p. :
Other physical details chiefly col. ill. ;
Dimensions 29 cm.
440 #0 - SERIES STATEMENT/ADDED ENTRY--TITLE
Title Books for young explorers
520 ## - SUMMARY, ETC.
Summary, etc. Text and color photographs describe the lives of dolphins in oceanariums where some of them are trained to perform in shows.
650 #0 - SUBJECT ADDED ENTRY--TOPICAL TERM
Topical term or geographic name entry element Dolphins
General subdivision Juvenile literature.
650 #1 - SUBJECT ADDED ENTRY--TOPICAL TERM
Topical term or geographic name entry element Dolphins.
700 1# - ADDED ENTRY--PERSONAL NAME
Personal name Georgia, Lowell.
740 ## - ADDED ENTRY--UNCONTROLLED RELATED/ANALYTICAL TITLE
Uncontrolled related/analytical title Dolphins.
Holdings
Withdrawn status Lost status Damaged status Not for loan Home library Current library Shelving location Date acquired Total checkouts Full call number Barcode Date last seen Price effective from Koha item type
        Fairview Fairview General stacks 22/03/2026   599/.53 BC0010398 22/03/2026 22/03/2026 Books